<?xml version="1.0" encoding="UTF-8"?>
<record
    xmlns:xsi="http://www.w3.org/2001/XMLSchema-instance"
    xsi:schemaLocation="http://www.loc.gov/MARC21/slim http://www.loc.gov/standards/marcxml/schema/MARC21slim.xsd"
    xmlns="http://www.loc.gov/MARC21/slim">

  <leader>01119nam a2200253 i 4500</leader>
  <controlfield tag="001">148152</controlfield>
  <controlfield tag="003">ES-MaACL</controlfield>
  <controlfield tag="005">20251001180008.0</controlfield>
  <controlfield tag="007">t|</controlfield>
  <controlfield tag="008">070214s1931    sp      r    ||||1| spa d</controlfield>
  <datafield tag="245" ind1="0" ind2="0">
    <subfield code="a">Tratado de obstetricia / </subfield>
    <subfield code="c">escrito por los eminentes toc&#xF3;logos G. Bessau ... [et al.] ; bajo la direccion del Dr. W. Stoeckel ; traducido directamente de la 3&#xAA; ed. alemana por M. Montaner de la Poza y M. Montaner Toutain ; con un pr&#xF3;logo del Excmo. Sr. Dr. D. Sebasti&#xE1;n Recasens Girol.</subfield>
  </datafield>
  <datafield tag="250" ind1=" " ind2=" ">
    <subfield code="a">2&#xAA; ed. aum. y mejorada con 19 figuras, la mayor parte en colores y muchas de ellas nuevas.</subfield>
  </datafield>
  <datafield tag="260" ind1=" " ind2=" ">
    <subfield code="a">Barcelona : </subfield>
    <subfield code="b">Modesto Us&#xF3;n, </subfield>
    <subfield code="c">1931 (</subfield>
    <subfield code="f">Dalmau Olivares)</subfield>
  </datafield>
  <datafield tag="300" ind1=" " ind2=" ">
    <subfield code="a">2 v., 2 l&#xE1;m. : </subfield>
    <subfield code="b">il. ; </subfield>
    <subfield code="c">25 cm.</subfield>
  </datafield>
  <datafield tag="650" ind1=" " ind2="7">
    <subfield code="a">Obstetricia</subfield>
    <subfield code="2">embne</subfield>
    <subfield code="9">15676</subfield>
  </datafield>
  <datafield tag="700" ind1="1" ind2=" ">
    <subfield code="a">Bessau, G.</subfield>
    <subfield code="9">28596</subfield>
  </datafield>
  <datafield tag="700" ind1="1" ind2=" ">
    <subfield code="a">Stoeckel, Walter.</subfield>
    <subfield code="9">108261</subfield>
  </datafield>
  <datafield tag="700" ind1="1" ind2=" ">
    <subfield code="a">Montaner de la Poza, M.</subfield>
    <subfield code="9">82378</subfield>
  </datafield>
  <datafield tag="700" ind1="0" ind2=" ">
    <subfield code="a">Franque, Otto von</subfield>
    <subfield code="9">52340</subfield>
  </datafield>
  <datafield tag="700" ind1="1" ind2=" ">
    <subfield code="a">Montaner Toutain, M.</subfield>
    <subfield code="9">82382</subfield>
  </datafield>
  <datafield tag="700" ind1="1" ind2=" ">
    <subfield code="a">Recasens y Girol, Sebasti&#xE1;n,</subfield>
    <subfield code="d">1863-1933</subfield>
    <subfield code="9">95752</subfield>
  </datafield>
  <datafield tag="852" ind1=" " ind2=" ">
    <subfield code="a">ES-MaACL</subfield>
    <subfield code="j">E-561-62</subfield>
  </datafield>
  <datafield tag="999" ind1=" " ind2=" ">
    <subfield code="c">148152</subfield>
    <subfield code="d">148152</subfield>
  </datafield>
  <datafield tag="952" ind1=" " ind2=" ">
    <subfield code="0">0</subfield>
    <subfield code="1">0</subfield>
    <subfield code="4">0</subfield>
    <subfield code="7">0</subfield>
    <subfield code="a">ATENEOM</subfield>
    <subfield code="b">ATENEOM</subfield>
    <subfield code="c">DEPO2</subfield>
    <subfield code="d">2008-01-17</subfield>
    <subfield code="e">SC</subfield>
    <subfield code="l">0</subfield>
    <subfield code="o">E-561-62</subfield>
    <subfield code="p">1154611</subfield>
    <subfield code="r">2023-02-23 00:00:00</subfield>
    <subfield code="w">2023-02-23</subfield>
    <subfield code="y">MONOGRAFIA</subfield>
  </datafield>
</record>
